=LDR 00000nam 2200000 4500 =001 INLIS000000000045018 =005 20251210030413 =035 ##$$a 0010-121400000000168 =008 251210###########################0#ind## =020 ##$$a 978-602-9134-16-2 =040 ##$$a NBPDMAT =082 ##$$a 595.7 =090 ##$$a 595.7 $b Dia d =100 ##$$a Dian Oky Saktyowati =245 1#$$a Dunia serangga yang menakjubkan /$c Dian Oky Saktyowati =250 ##$$a Cet.1 =260 ##$$a Jakarta :$b Daun Hijau,$c 2010 =300 ##$$a 60 hlm. : $b ilus. ; $c 25 cm. =500 ##$$a Bibliografi : hlm. 60 =650 #4$$a Serangga =850 ##$$a NBPDMAT =084 ##$$a 595.7 DIA d =990 ##$$a 21416799 =990 ##$$a 21416799